L'Usage de la photographie chez Annie Ernaux /

Đã lưu trong:
書目詳細資料
主要作者: Cottille-Foley, Nora.
格式: Bài viết
語言:English
主題:
標簽: 添加標簽
沒有標簽, 成為第一個標記此記錄!
Thư viện lưu trữ: Thư viện Trường Đại học Đà Lạt
LEADER 00723nam a2200253 4500
001 DLU090069780
005 ##20090518
040 # # |a DLU  |b eng 
041 # # |a eng 
044 # # |a UK 
100 # # |a Cottille-Foley, Nora.  
245 # # |a L'Usage de la photographie chez Annie Ernaux /  |c Nora Cottille-Foley. 
653 # # |a Ernaux, Annie, 1940- 
653 # # |a Marie, Marc 
773 # # |t French Studies  |g Vol. 62, no. 4 (October 2008), p. 442-454 
920 # # |a Phòng Tạp chí -- Trung tâm Thông tin - Thư viện Trường Đại học Đà Lạt 
994 # # |a DLU 
900 # # |a True 
911 # # |a Trương Bảo Trâm Anh 
925 # # |a G 
926 # # |a A 
927 # # |a BB 
980 # # |a Thư viện Trường Đại học Đà Lạt